Physical parameters of soils (Record no. 64951)

MARC details
000 -LEADER
fixed length control field 00427nam a2200169Ia 4500
100 ## - MAIN ENTRY--AUTHOR NAME
Personal name Zainol Eusof
245 #0 - TITLE STATEMENT
Title Physical parameters of soils
260 ## - PUBLICATION, DISTRIBUTION, ETC. (IMPRINT)
Name of publisher Planters Bulletin
Year of publication 1991
300 ## - PHYSICAL DESCRIPTION
Number of Pages 52-64
500 ## - GENERAL NOTE
General note Source Year: 1993
650 ## - SUBJECT ADDED ENTRY--TOPICAL TERM
Topical Term Hevea brasiliensis
650 ## - SUBJECT ADDED ENTRY--TOPICAL TERM
Topical Term soil chemicophysical properties
650 ## - SUBJECT ADDED ENTRY--TOPICAL TERM
Topical Term Soil types
856 ## - ELECTRONIC LOCATION AND ACCESS
Uniform Resource Identifier ATA
942 ## - ADDED ENTRY ELEMENTS (KOHA)
Koha item type Journals
Holdings
Withdrawn status Lost status Damaged status Not for loan Home library Current library Shelving location Date acquired Serial Enumeration / chronology Koha item type
      Journals RRII Library RRII Library Soils and agonomy 17/12/2021 Volume No, Issue 207 Journals